000 00886na a2200253 4500
001 14466
003 MIRAKIL
005 20181213154913.0
008 160828b tu 000 0
020 _a9751120756
040 _aMilas
_btur
_cTR-AnCHP
082 _aDAN 413.21
_bT96 2001
090 _aDAN 413.21 T96 2001
245 _aTürkçe-İngilizce resimli ansiklopedik sözlük
_b= Turkish-English pictured encyclopedic-dictionary
_chazırlayan = prepared by İrfan Uğurlu
246 _aTurkish-English pictured encyclopedic-dictionary
260 _aAnkara
_bMEB
_c2001
300 _a[12], 1423, [4] s.
_brnkl. res.
_c25 sm.
490 _aSözlük dizisi
_v6
490 _aBilim ve Kültür Eserleri dizisi
_v1244
490 _aMilli Eğitim Bakanlığı yayınları
_v3537
650 _aTürk dili
_xSözlükler
_yİngilizce
700 _aUğurlu, İrfan
942 _2ddc
_cBKS
999 _c2912
_d2912